[Event "Novorossiysk Small Land Rapid op"]
[Site "Novorossiysk"]
[Date "2023.07.26"]
[Round "2"]
[White "Volkov, Maksim"]
[Black "Avetisov, Rodion"]
[Result "1-0"]
[WhiteElo "2235"]
[BlackElo "1484"]
[PlyCount "73"]
[EventDate "2023.07.26"]
[EventType "swiss (rapid)"]
[EventRounds "11"]
[EventCountry "RUS"]
[SourceTitle "CBM 215 Extra"]
[Source "ChessBase"]
[SourceDate "2023.09.30"]
[SourceVersion "1"]
[SourceVersionDate "2023.09.30"]
[SourceQuality "1"]

1. d4 Nf6 2. c4 e6 3. g3 d5 4. Bg2 Be7 5. Nf3 0-0 6. Nc3 c6 7. 0-0 Nbd7 8. Qd3 dxc4 9. Qxc4 c5 10. Rd1 cxd4 11. Nxd4 a6 12. a3 h6 13. b4 Nb6 14. Qb3 Nfd5 15. Nxd5 exd5 16. Bb2 Bf6 17. e4 Bd7 18. a4 Bxd4 19. Bxd4 Be6 20. Bc5 Re8 21. exd5 Bg4 22. Re1 Nd7 23. h3 Bf5 24. d6 Qf6 25. Qf3 Ne5 26. Qxb7 Nd3 27. Rxe8+ Rxe8 28. Rd1 Qe6 29. Qd5 Qe2 30. Bf3 Qe6 31. Rxd3 Qe1+ 32. Kg2 Bxd3 33. Qxd3 Qe6 34. Qd5 Rd8 35. Qxe6 fxe6 36. Bc6 Kf7 37. d7 1-0